000 00557nam a2200229Ia 4500
003 OSt
005 20221005114135.0
006 a|||||r|||| 00| 0
007 ta
008 221004b |||||||| |||| 00| 0 san d
024 _a113866
037 _cTextual
040 _aCRL
_cCRL
_bsan
041 _2san
_asan
082 _aQ41:224, 15L3
100 _aMishra Murari
_9625515
245 0 _aAngatatva nirukti
260 _c1973
300 _a80p.
_ccm.
942 _hQ41:224, 15L3
_cTEXL
_2cc
999 _c1030360
_d1030360